000 00304nam a2200121Ia 4500
008 190216s9999||||xx |||||||||||||| ||und||
100 _aVasanth Nargolkar
245 0 _aRural Development Through Communities In China
260 _bS Chand & Co
_c1982
300 _a213p
650 _aEconomics
942 _cBK
999 _c9603
_d9603